Learning ASP.Net 2.0 / (Record no. 42036)

MARC details
000 -LEADER
fixed length control field 00826nam a22002177a 4500
005 - DATE AND TIME OF LATEST TRANSACTION
control field 20100814164430.0
010 ## - LCCN (DPL NO)
LC control number ENG-100236
020 ## - INTERNATIONAL STANDARD BOOK NUMBER
Terms of availability 2200.00
035 ## - SYSTEM CONTROL NUMBER
System control number EN-83768
037 ## - SOURCE OF ACQUISITION
Source of stock number/acquisition DBAD/PUB
082 ## - DEWEY DECIMAL CLASSIFICATION NUMBER
Classification number 005.276
100 ## - MAIN ENTRY--PERSONAL NAME
Personal name Tambade,Ravindra
245 ## - TITLE STATEMENT
Title Learning ASP.Net 2.0 /
Statement of responsibility, etc by Ravindra Tambade
260 ## - PUBLICATION, DISTRIBUTION, ETC. (IMPRINT)
Place of publication, distribution, etc Maharashtra
Name of publisher, distributor, etc Avani Publications
Date of publication, distribution, etc 2008
270 ## - ADDRESS
Address Flat No.2, Ground Floor, Radhakrihna Apts., Prabhat Road, Lane No. 10, Erandawana Pune
City Maharashtra
Postal code 411004
300 ## - PHYSICAL DESCRIPTION
Extent 180p.:
Other physical details ill.
Dimensions 29cm (pbk)
650 ## - SUBJECT ADDED ENTRY--TOPICAL TERM
Topical term or geographic name as entry element Website development
650 ## - SUBJECT ADDED ENTRY--TOPICAL TERM
Topical term or geographic name as entry element Microsoft Net Framework
942 ## - ADDED ENTRY ELEMENTS (KOHA)
Source of classification or shelving scheme Dewey Decimal Classification
Item type English Books
Classification part 005.276
Call number suffix TAM
Holdings
Withdrawn status Lost status Not for loan Collection code Home library Current library Date acquired Source of acquisition Cost, normal purchase price Full call number Barcode Copy number Cost, replacement price Koha item type
    Not For Loan Non-fiction D.B.Act.Division D.B.Act.Division 14/08/2010 DBAD/PUB 2200.00 005.276 TAM EN-83768 1 2200.00 English Books

© Delhi Public Library
Hit Counter
free hit counter